UEFA Ballon d'Or Winners - Statistics

General Stats
  • This quiz has been taken 1,297 times
  • The average score is 25 of 54
Answer Stats
Year Winner % Correct
2009 Lionel Messi
99%
1997 Ronaldo
99%
2002 Ronaldo
99%
2007 Kaká
84%
2005 Ronaldinho
83%
1998 Zinedine Zidane
80%
2008 Cristiano Ronaldo
74%
2006 Fabio Cannavaro
73%
2001 Michael Owen
64%
1988 Marco van Basten
63%
1989 Marco van Basten
63%
1992 Marco van Basten
63%
1971 Johan Cruyff
62%
1973 Johan Cruyff
62%
1974 Johan Cruyff
62%
2000 Luis Figo
62%
1999 Rivaldo
62%
1983 Michel Platini
57%
1984 Michel Platini
57%
1985 Michel Platini
57%
2003 Pavel Nedvěd
57%
1958 Alfredo Di Stefano
54%
1959 Alfredo Di Stefano
54%
2004 Andriy Shevchenko
54%
1972 Franz Beckenbauer
53%
1976 Franz Beckenbauer
53%
1963 Lev Yashin
50%
1987 Ruud Gullit
50%
1970 Gerd Müller
48%
1995 George Weah
45%
1966 Bobby Charlton
42%
1993 Roberto Baggio
41%
1965 Eusébio
39%
1968 George Best
38%
1990 Lothar Matthäus
35%
1960 Luis Suárez
32%
1991 Jean-Pierre Papin
31%
1996 Matthias Sammer
31%
1994 Hristo Stoichkov
30%
1982 Paolo Rossi
28%
1956 Stanley Matthews
25%
1980 Karl-Heinz Rummenigge
24%
1981 Karl-Heinz Rummenigge
24%
1978 Kevin Keegan
23%
1979 Kevin Keegan
23%
1957 Raymond Kopa
22%
1964 Denis Law
20%
1969 Gianni Rivera
16%
1961 Omar Sívori
13%
1967 Flórián Albert
12%
1986 Igor Belanov
12%
1975 Oleh Blokhin
12%
1977 Allan Simonsen
11%
1962 Josef Masopust
11%
No matching quizzes found
Score Distribution
Percent of People with Each Score
Percentile by Number Answered
Your Score History
You have not taken this quiz